| 000 | 00336nam a22001217a 4500 | ||
|---|---|---|---|
| 082 | _aCP-25 | ||
| 100 |
_aMuhammad Ahsan Gull _950907 |
||
| 245 |
_aCivil Engineering Drawing _bCource pack _cMuhammad Ahsan Gull |
||
| 260 |
_aRisalpur, _bMCE, _c2015. |
||
| 500 | _aCourse Pack OD/CED-84/85 | ||
| 526 |
_a0 _b0 _c0 _dCP_25 |
||
| 942 |
_2ddc _cBKB |
||
| 999 |
_c553653 _d553653 |
||